Quiz sur les Tonga - Statistiques

Statistiques générales
  • Ce quiz a été pris 1 917 fois
  • Le résultat moyen est 9 sur 16
Statistiques - réponses
Question Réponse % Correct
Langues officielles Anglais
95%
Région d'Océanie dans laquelle les Tonga se situent {Poly}nésie
88%
Pays les plus proches Fidji
87%
Pays les plus proches Samoa
86%
Les Tonga étaient un protectorat de ce pays entre 1900 et 1970 Royaume-Uni
82%
Sport national Rugby
82%
Objet qui apparaît sur le drapeau des Tonga Croix
63%
Capitale et plus grande ville Nukuʻalofa
62%
Langues officielles Tongien
60%
18% des Tongiens suivent cette religion américaine, parfois décrite comme une secte Mormonisme
56%
Type de mammifère nocturne qui ne peut être chassé que par la famille royale Chauve-souris
48%
État dépendant de la Nouvelle-Zélande qui appartient à l'archipel des Tonga Niue
43%
Explorateur néerlandais qui a découvert l'île principale des Tonga en 1643 Abel Tasman
30%
Surnom donné par James Cook aux Tonga dû l'accueil chaleureux qu'il y aurait reçu L'île des {Amis}
23%
Île principale sur laquelle celle-ci se trouve Tonga{tapu}
19%
Empire tongien dont la sphère d'influence s'étendait jusqu'à Hawaï au XIIème siècle Empire {Tu'i} Tonga
17%
Aucun quiz correspondant
Distribution des résultats
% des personnes avec chaque résultat
Percentile par nombre de réponses
Votre historique - résultats
Vous n’avez pas pris ce quiz